Lecciones de lengua castellana. Curso elemental. Libro del alumno
Guardat en:
| Autor corporatiu: | |
|---|---|
| Format: | Llibre |
| Idioma: | espanyol |
| Publicat: |
Santiago
Talleres de la Gratitud Nacional
1910
|
| Edició: | 1a. ed |
| Matèries: | |
| Etiquetes: |
Afegir etiqueta
Sense etiquetes, Sigues el primer a etiquetar aquest registre!
|
MARC
| LEADER | 00000nam a2200000 a 4500 | ||
|---|---|---|---|
| 001 | UCJ8244 | ||
| 003 | CL-VaPUC | ||
| 008 | 070124e19100000CL |||||||||||||||||spa|d | ||
| 082 | 0 | 4 | |a 465 |b HER |2 21 |
| 110 | 2 | |a Hermanos de las Escuelas Cristianas |e author |9 516990 | |
| 245 | 1 | 0 | |a Lecciones de lengua castellana. Curso elemental. Libro del alumno |
| 250 | |a 1a. ed | ||
| 300 | |a 136 p | ||
| 942 | |c BK | ||
| 945 | |d 20070124 00:00:00 |a rinostro | ||
| 260 | |a Santiago |b Talleres de la Gratitud Nacional |c 1910 | ||
| 650 | 0 | |a Textos escolares |9 382843 | |
| 650 | 0 | |a Gramática española |9 403055 | |
| 583 | |a last modification |c 20070124 00:00:00 |k Rodrigo Vera | ||
| 999 | |c 324025 |d 324023 | ||
| 952 | |0 0 |1 0 |4 0 |6 465_000000000000000_HER_1910 |7 0 |8 X |9 403920 |a FDOBUD |b FDOBUD |d 2019-11-22 |i 1074849 |o 465 HER 1910 |p 1074849 |r 2019-11-22 |w 2019-11-22 |y BK_X |k BUD | ||